| 000 | 00604nam a22001937a 4500 | ||
|---|---|---|---|
| 005 | 20231211105427.0 | ||
| 008 | 231028b |||||||| |||| 00| 0 eng d | ||
| 040 | _aMAIN | ||
| 082 |
_a373 _bV51I |
||
| 100 | _aVed Pal | ||
| 245 | _aImpact of internet usage on academic achievement, self regulated learning and mental health of secondary school students | ||
| 260 |
_bDepartment of Education, M D University, Rohtak _c2023 |
||
| 300 | _a205 | ||
| 650 | _aEducation | ||
| 650 | _aImpact of Internet | ||
| 650 | _aMental Health-Secondary School Students | ||
| 700 | _aHooda, Madhuri | ||
| 942 | _cTH | ||
| 999 |
_c308816 _d308816 |
||